000
00189 a2200097 4500
001
20133
100
_a
Bro
245
_a
Marco Economics
260
_a
_b
G A U Ltd
_c
090
_c
14727
_d
14727
942
_a
NUST-CAE
_c
M
_c
5255
999
_c
255206
_d
255206